000 00510nam a2200193Ia 4500
005 20250326142506.0
008 250326s9999 xx 000 0 und d
037 _aTextbook
040 _aFMSL
_beng
_cFMSL
041 _aeng
_2eng
084 _qFMSL
100 _aFoxall G R
_9746061
245 0 _aConsumer psychology for marketing
_cFoxall G R And Others
250 _aEd 2
260 _aLondon
_bLondon, International Thompson
_c1998
300 _a286p
942 _cTB
999 _c1295284
_d1295284